El llamado del silencio / (Registro nro. 33664)

Detalles MARC
000 -CABECERA
Longitud fija campo de control 00877nam a2200277 a 4500
003 - • IDENTIFICADOR DELl NÚMERO DE CONTROL
Identificador del número de control CO-ViMGA
005 - • FECHA Y HORA DE LA ÚLTIMA TRANSACCIÓN
Fecha y hora de la última transacción 20230915232208.0
008 - • CÓDIGOS DE INFORMACIÓN DE LONGITUD FIJA
Códigos de información de longitud fija 140704s2013 ck gr 0001f spa d
020 ## - • NÚMERO INTERNACIONAL NORMALIZADO PARA LIBROS
Número Internacional Normalizado para Libros (ISBN) 9789588841274
040 ## - FUENTE DE LA CATALOGACIÓN
Centro catalogador de origen CO-ViMGA
Lengua de catalogación spa
Centro transcriptor CO-ViMGA
082 04 - • NÚMERO DE LA CLASIFICACIÓN DECIMAL DEWEY
Número de clasificación (R) Co863.6
Número del ítem I74l
Número de edición 21
100 1# - • PUNTO DE ACCESO PRINCIPAL-NOMBRE DE PERSONA
Nombre de persona Iriarte, Helena,
Fechas asociadas al nombre 1937-
240 10 - • TÍTULO UNIFORME
Título uniforme <a href="Bogotá-Bibliografía regional">Bogotá-Bibliografía regional</a>
245 13 - • TITULO PROPIAMENTE DICHO
Título El llamado del silencio /
250 ## - • MENCI&Oacute;N DE EDICI&Oacute;N
Mención de edición 2a. ed.
Resto de la mención de edición Edición María Osorio.
300 ## - • DESCRIPCI&Oacute;N F&Iacute;SICA
Extensión 135 páginas ;
Dimensiones 18 cm.
490 1# - • MENCI&Oacute;N DE SERIE
Mención de serie Frontera ;
Designación de volumen o secuencia 10
650 14 - • PUNTO DE ACCESO ADICIONAL DE MATERIA - T&Eacute;RMINO DE MATERIA
Término de materia o nombre geográfico como elemento inicial Nostalgia
Subdivisión de forma Novela.
650 14 - • PUNTO DE ACCESO ADICIONAL DE MATERIA - T&Eacute;RMINO DE MATERIA
Término de materia o nombre geográfico como elemento inicial Novela amorosa.
650 14 - • PUNTO DE ACCESO ADICIONAL DE MATERIA - T&Eacute;RMINO DE MATERIA
Término de materia o nombre geográfico como elemento inicial Novela colombiana.
700 1# - • PUNTO DE ACCESO ADICIONAL - NOMBRE DE PERSONA
Nombre de persona Mojica, Juan Pablo,
Término indicativo de función revisor.
700 1# - • PUNTO DE ACCESO ADICIONAL - NOMBRE DE PERSONA
Nombre de persona Osorio, María,
Término indicativo de función editora.
700 1# - • PUNTO DE ACCESO ADICIONAL - NOMBRE DE PERSONA
Nombre de persona Peña Trujillo, Beatriz,
Término indicativo de función revisora.
942 ## - ENTRADA DE ELEMENTOS AGREGADOS (KOHA)
Fuente de clasificaión o esquema Dewey Decimal Classification
Koha [por defecto] tipo de item LIbro
Existencias
Perdido Fuente de clasificaci&oacute;n o esquema Estado Físico No para pr&eacute;stamo Forma de adquisición Localizaci&oacute;n permanente Localizaci&oacute;n actual Fecha adquisici&oacute;n Pr&eacute;stamos totales Signatura completa C&oacute;digo de barras Fecha &uacute;ltima consulta N&uacute;mero de copia Fecha del precio de reemplazo Tipo de item de Koha
  Dewey Decimal Classification     Sala General Segundo Piso Biblioteca Pública Germán Arciniegas - Villavicencio Biblioteca Pública Germán Arciniegas - Villavicencio 12/05/2015   Co863.6 I74l 29485 12/05/2015 Ej. 1 12/05/2015 LIbro









Instituto Departamental de Cultura del Meta - Red Departamental de Bibliotecas Públicas del Meta.